<?xml version="1.0" encoding="UTF-8"?>
<record
    xmlns:xsi="http://www.w3.org/2001/XMLSchema-instance"
    xsi:schemaLocation="http://www.loc.gov/MARC21/slim http://www.loc.gov/standards/marcxml/schema/MARC21slim.xsd"
    xmlns="http://www.loc.gov/MARC21/slim">

  <leader>00603nam a2200193 a 4500</leader>
  <controlfield tag="001">38593</controlfield>
  <controlfield tag="003">BD-RjUL</controlfield>
  <controlfield tag="005">20211209052827.0</controlfield>
  <controlfield tag="008">160118b        bg ||||| |||| 00| 0 ben d</controlfield>
  <datafield tag="035" ind1=" " ind2=" ">
    <subfield code="a">(BD-RjUL)38701</subfield>
  </datafield>
  <datafield tag="040" ind1=" " ind2=" ">
    <subfield code="a">BD-RjUL</subfield>
    <subfield code="b">eng</subfield>
  </datafield>
  <datafield tag="082" ind1=" " ind2=" ">
    <subfield code="2">23</subfield>
    <subfield code="a">079.5492</subfield>
    <subfield code="b">BAB</subfield>
  </datafield>
  <datafield tag="245" ind1=" " ind2=" ">
    <subfield code="a">&#x9AC;&#x9BE;&#x982;&#x9B2;&#x9BE;&#x9B0; &#x9AC;&#x9BE;&#x9A8;&#x9C0;</subfield>
    <subfield code="c">&#x9B6;&#x9C7;&#x996; &#x9AB;&#x99C;&#x9B2;&#x9C1;&#x9B2; &#x9B9;&#x995; &#x9AE;&#x9A8;&#x9BF;</subfield>
  </datafield>
  <datafield tag="260" ind1=" " ind2=" ">
    <subfield code="a">&#x9A2;&#x9BE;&#x995;&#x9BE; :</subfield>
    <subfield code="b">&#x9B6;&#x9C7;&#x996; &#x9AB;&#x99C;&#x9B2;&#x9C1;&#x9B2; &#x9B9;&#x995; &#x9AE;&#x9A8;&#x9BF;,</subfield>
  </datafield>
  <datafield tag="300" ind1=" " ind2=" ">
    <subfield code="a">8p.</subfield>
  </datafield>
  <datafield tag="650" ind1=" " ind2=" ">
    <subfield code="a">Daily Newspaper</subfield>
    <subfield code="z">Bangladesh</subfield>
    <subfield code="9">117503</subfield>
  </datafield>
  <datafield tag="700" ind1=" " ind2=" ">
    <subfield code="a">&#x9B9;&#x995;, &#x9B6;&#x9C7;&#x996; &#x9AB;&#x99C;&#x9B2;&#x9C1;&#x9B2; (&#x9AE;&#x9A8;&#x9BF;)</subfield>
    <subfield code="9">119092</subfield>
  </datafield>
  <datafield tag="942" ind1=" " ind2=" ">
    <subfield code="2">ddc</subfield>
    <subfield code="c">NP</subfield>
  </datafield>
  <datafield tag="999" ind1=" " ind2=" ">
    <subfield code="c">38593</subfield>
    <subfield code="d">38593</subfield>
  </datafield>
  <datafield tag="952" ind1=" " ind2=" ">
    <subfield code="0">0</subfield>
    <subfield code="1">0</subfield>
    <subfield code="2">ddc</subfield>
    <subfield code="4">0</subfield>
    <subfield code="7">1</subfield>
    <subfield code="a">RUCL</subfield>
    <subfield code="b">RUCL</subfield>
    <subfield code="c">NP</subfield>
    <subfield code="d">2016-01-18</subfield>
    <subfield code="h">V.1, Apr. 1972</subfield>
    <subfield code="l">0</subfield>
    <subfield code="o">P 079.5492 BAB V.1 Apr. 1972</subfield>
    <subfield code="r">2016-01-18 00:00:00</subfield>
    <subfield code="t">C.1</subfield>
    <subfield code="w">2016-01-18</subfield>
    <subfield code="y">NP</subfield>
  </datafield>
</record>
